000 00713nam a22002417a 4500
003 UA-OsUOA
001 50764
007 ta
008 20140626b un ||||| |||| 00| 0 ukr d
090 _a082/97(477).04
_bУ45
942 _cBK
040 _aUA-OsUOA
_bukr
_cUA-OsUOA
_dUA-OsUOA
245 _aУкраїнське козацтво: витоки, еволюція, спадщина
300 _a163 с.
955 _a1
041 _aukr
080 _a082/97(477).04
260 _aК.
_c1993
246 3 1 _a1
650 7 _a08 Видання. Колективні праці
_2UDC
999 _c430893
_d430893